Southville International School and Colleges
Your cart is empty.
  • Cart
  • Lists
    Public lists Eva Luna New books Lux_list list_1
    Your lists Log in to create your own lists
  • Log in to your account
  • Your cookies
  • Search history
Southville International School and Colleges
  • Advanced search
  • Recent comments
  • Most popular
  • Libraries

Log in to your account

Log in with GOOGLE


If you do not have an external account, but do have a local account, you can still log in:

  1. Home
  2. MARC view: What do insect do? /
Normal view MARC view ISBD view

What do insect do? / (Record no. 115418)

[ view plain ]
MARC details
000 -LEADER
fixed length control field 00700nam a2200217 a 4500
001 - CONTROL NUMBER
control field 0948
005 - DATE AND TIME OF LATEST TRANSACTION
control field 20140414132145.0
008 - FIXED-LENGTH DATA ELEMENTS--GENERAL INFORMATION
fixed length control field 041008s19uu xx 00 eng d
020 ## - INTERNATIONAL STANDARD BOOK NUMBER
International Standard Book Number 0-590-39794-X
050 ## - LIBRARY OF CONGRESS CALL NUMBER
Classification number KIT (SER) 595.7
Item number C16 1998
100 ## - MAIN ENTRY--PERSONAL NAME
Personal name Canizares, Susan
245 ## - TITLE STATEMENT
Title What do insect do? /
Statement of responsibility, etc Susan Canizares, Pamela Chanko.
260 ## - PUBLICATION, DISTRIBUTION, ETC. (IMPRINT)
Place of publication, distribution, etc New York :
Name of publisher, distributor, etc Scholastic Inc.,
Date of publication, distribution, etc 1998.
300 ## - PHYSICAL DESCRIPTION
Extent 1 v. (unp.) ; ill.
440 ## - SERIES STATEMENT/ADDED ENTRY--TITLE
Title Science emergent readers
500 ## - GENERAL NOTE
General note "Scholastic early childhood"--Includes index
520 ## - SUMMARY, ETC.
Summary, etc Photographs and simple text to describe the many things that insects do.
650 ## - SUBJECT ADDED ENTRY--TOPICAL TERM
Topical term or geographic name as entry element Insects
General subdivision Juvenile literature
Holdings
Withdrawn status Lost status Damaged status Use restrictions Home library Current library Shelving location Date acquired Source of acquisition Total Checkouts Full call number Barcode Date last seen Price effective from Koha item type
        Munich Library Munich Library KIT Section 10/08/2004     KIT (SER) 595.7 C16 1998 MU1990 04/14/2014 04/14/2014 Kits
        Munich Library Munich Library KIT Section 10/08/2004     KIT (SER) 595.7 C16 1998 MU1989 04/14/2014 04/14/2014 Kits

What do insect do? /

APA

Canizares S., . (1998). What do insect do?. New York: Scholastic Inc.

Chicago

Canizares Susan, . 1998. What do insect do?. New York: Scholastic Inc.

Harvard

Canizares S., . (1998). What do insect do?. New York: Scholastic Inc.

MLA

Canizares Susan, . What do insect do?. New York: Scholastic Inc. 1998.

  • Place hold
  • Print
  • Cite
  • Add to your cart (remove)
  • Save record
    BIBTEX Dublin Core MARCXML MARC (non-Unicode/MARC-8) MARC (Unicode/UTF-8) MARC (Unicode/UTF-8, Standard) MODS (XML) RIS
  • More searches
    Search for this title in:
    Other Libraries (WorldCat) Other Databases (Google Scholar) Online Stores (Bookfinder.com) Open Library (openlibrary.org)

Exporting to Dublin Core...

SOUTHVILLE LIBRARY

Southville International School and Colleges Library

1281 Tropical Ave. Cor. Luxembourg St., BF Homes International, Las Pinas City

Tel. No. 8256374 / 252358 Loc. 117/146

Powered by Koha